Statistics for Geography Trivia I

Click here to take the quiz!

General Stats

  • This quiz has been taken 5,225 times
    (5,219 since last reset)
  • The average score is 21 of 37

Answer Stats

HintAnswer% Correct
Name one African country that borders the Mediterranean Sea.Morocco / Algeria / Tunisia / Libya / Egypt
99%
Name one country that borders the Caspian Sea.Russia / Kazakhstan / Turkmenistan / Iran/ Azerbaijan
85%
What German city was once split in half by a concrete wall?Berlin
81%
What small country lies within the Italian city of Rome?Vatican City
78%
Which Emirati city holds the tallest building in the world?Dubai
77%
What river carved the Grand Canyon in Arizona?Colorado River
75%
What large North American island was originally found by Vikings and is now ruled by Denmark?Greenland
71%
Which major Chinese city lies at the end of the Yangtze River?Shanghai
70%
What is the largest Polish city that lies on the Vistula River?Warsaw
69%
Which British island territory is thought to be bad luck for airplanes and boats?Bermuda
68%
Which Chilean island holds giant heads originally carved by Polynesians?Easter Island
68%
Which major city lies on the Bosporus strait that separates Europe and Asia?Istanbul
68%
Which strait separates the United States and Russia?Bering Strait
66%
What American city lies on Lake Michigan and housed the first skyscraper?Chicago
66%
Which North American Great Lake is the only one to lie completely in the United States?Lake Michigan
66%
What American city has the busiest airport in the world?Atlanta
63%
What river seperates the American state of Texas and Mexico?Rio Grande
63%
Which major Californian city lies on the US border with Mexico?San Diego
63%
Which Mediterranean city is the second largest in France?Marseille
61%
Which sea is located in between Italy and Croatia in Europe?Adriatic Sea
60%
Which east Asian city lies on the Han River and houses major technological companies such as Samsung?Seoul
59%
Which Serbian city was once the capital of Yugoslavia?Belgrade
58%
What river separates Brazzaville and Kinshasa and two major African countries?Congo River
57%
What large American lake was found by Mormon pioneers in the 1800s?Great Salt Lake
57%
Which Italian state borders the Mediterranean Sea and holds the city of Florence?Tuscany
56%
What Greek island holds the city of Heraklion?Crete
55%
Near which present-day city did the Oregon trail end?Portland
51%
What American state was once its own kingdom?Hawaii
46%
What is the most populated city in the southern hemisphere?Sao Paulo
46%
What is the capital and largest city in the Australian state of Tasmania?Hobart
45%
Which one of the original 13 colonies doesn't border the Atlantic Ocean?Pennsylvania
41%
What are the series of islands in western Alaska named?Aleutian Islands
37%
What major Japanese city lies on the northern island of Hokkaido?Sapporo
31%
Which present-day American city began as a small mining town in the Pike's Peak Gold Rush?Denver
30%
What strait separates the two major New Zealand islands?Cook Strait
26%
What is the largest city and capital of the Italian region of Sardinia?Cagliari
22%
Which strait separates the US state of Washington and the Canadian province of British Columbia?Strait of Juan de Fuca
9%

Score Distribution

Percentile by Number Answered

Percent of People with Each Score

Your Score History

You have not taken this quiz since the last reset